Mort subite : Quels personnages Marvel sont nés en Amérique ? - Statistiques

Statistiques générales
  • Ce quiz a été pris 120 fois
  • Le résultat moyen est 8 sur 17
Answers on the Grid
Answers color-coded by a green-red scale on the quiz's grid according to % correct below.
Hulk
Magneto
Ironman
Star-Lord
Loki
Moon knight
Spiderman
Wanda Maximoff
Killmonger
Hawkeye
Black panther
Falcon
Captain America
Task master
Miss Marvel
Black widow
Wong
Dr Strange
Le soldat de l'hiver
M'Baku
Deadpool
Shang chi
Quicksilver
Rocket
Wolverine
Antman
Thor
Peggy Carter
Captain marvel
America Chavez
Colossus
Yelena Belova
 
Statistiques - réponses
Réponse % Correct
Ironman
84%
Spiderman
78%
Captain America
75%
Hulk
74%
Hawkeye
67%
Star-Lord
64%
Dr Strange
62%
Le soldat de l'hiver
53%
Falcon
50%
Deadpool
46%
Antman
41%
Captain marvel
34%
Miss Marvel
28%
Wolverine
26%
Killmonger
20%
Moon knight
18%
Rocket
3%
Aucun quiz correspondant
Distribution des résultats
% des personnes avec chaque résultat
Percentile par nombre de réponses
Votre historique - résultats
Vous n’avez pas pris ce quiz